Normal view
MARC view
- Hawking, Stephen,
Entry Personal Name
001 - CONTROL NUMBER
- control field: 87380
003 - CONTROL NUMBER IDENTIFIER
- control field: NUST
005 - DATE AND TIME OF LATEST TRANSACTION
- control field: 20220106104658.0
008 - FIXED-LENGTH DATA ELEMENTS
- fixed length control field: 220106|| aca||aabn | a|a d
040 ## - CATALOGING SOURCE
- Original cataloging agency: NUST
- Transcribing agency: NUST
100 ## - HEADING--PERSONAL NAME
- Personal name: Hawking, Stephen,
- Dates associated with a name: 1942-2018
670 ## - SOURCE DATA FOUND
- Source citation: Work cat.: (NUST)0: Hawking, Stephen, 1942-2018., A brief history of time, p1988.
